000 01027nam a2200265Ia 4500
003 OSt
005 20221005110031.0
006 a|||||r|||| 00| 0
007 ta
008 221004b |||||||| |||| 00| 0 urd d
020 _a8172017758 (hbk)
_c425
024 _a92097
037 _b524, 19/03/2009, Vani Prakashan
_cTextual
040 _aCRL
_cCRL
_burd
041 _2urd
_aurd
082 _aO168,3N52,DJ, 152N0
100 _aअब्दुस्समद, अनु.
245 0 _aदो ग़ज़ ज़मीन
246 _aDo ग़ज़ ज़mīna
260 _aनई दिल्ली
_bसाहित्य अकादेमी भारत
_c1990
300 _a204पृ0
_ccm.
490 _aसाहित्य अकादेमी द्वारा पुरस्कृत उर्दू उपन्यास
942 _hO168,3N52,DJ, 152N0
_cTEXL
_2cc
999 _c1017601
_d1017601